000 00777nam a2200265Ia 4500
003 OSt
005 20221006150839.0
006 a|||||r|||| 00| 0
007 ta
008 221006b |||||||| |||| 00| 0 jpn d
020 _cY800 (each)
024 _a19,986
037 _bGift, Japan Foundation
_cTextual
040 _aEASL
_cEASL
_bjpn
041 _2jpn
_ajpn
082 _aV42.N7, K9.
100 _aOKA Yoshitake
_9648831
245 0 _aNihon kindai shi taikei, tenkanki no taisho, Vols. 5 and 8
260 _aTokyo
_bTokyo Daigaku Shuppankai Japan
_c1969
300 _a240+407p.
_ccm.
500 _aLibrary has: Vol. 5 and 8
650 _aJL
942 _hV42.N7, K9.
_cTEXL
_2CC
999 _c1088072
_d1088072